000
00301nam a2200133Ia 4500
008
231129s1980||||xx |||||||||||||| ||spa||
040
_b
spa
082
_a
Co863 B399u
100
_a
Bedoya Jose Raul
245
0
_a
La universidad del crimen
260
_c
1980
264
_a
[s.n.]
942
_2
ddc
_c
BKS
999
_c
18389
_d
18389